000
00322nam a2200145 4500
008
170717s2015||||xo d
245
1
0
_a
Abeceda domáceho majstra
250
_a
1. vydanie
260
_b
Príroda
_a
Bratislava
_c
2015
300
_a
351 s.
020
_c
0
041
1
_a
slo
044
_a
xo
_c
SK
958
_a
A
999
_c
21533
_d
21533